• 首页
  • 本馆介绍
  • 公告通知
  • 最新文献
  • 馆藏检索
  • 电子资源
  • 读者导购
  • 参考咨询
  • 我的图书馆
  • 登录
  • 详细信息显示
  • 放入我的书架
  • 预约/预借图书
  • 作者相关作品
  • 分类相关作品
  • 丛书相关作品
  • 出版社相关作品

书目信息

  • 表格格式
  • 工作单格式
  • 卡片格式
题名:
教师转化学困生的有效策略
    
 
作者: 李忠琼 编著
分册:  
出版信息: 北京   北京教育出版社  2019.3
页数: 198页
开本: 23cm
丛书名: 名校名师丛书
单 册:
中图分类: G455
科图分类:
主题词: 后进生--hou jin sheng--教育研究
电子资源:
ISBN: 978-7-5704-0405-6
000 01017oam2 2200253 450
001 2156275855
005 20211011172911.0
010    @a978-7-5704-0405-6@dCNY39.00
100    @a20190724d2019 em y0chiy50 ea
101 0  @achi
102    @aCN@b110000
105    @aa z 000yy
106    @ar
200 1  @a教师转化学困生的有效策略@Ajiao shi zhuai hua xue kun sheng de you xiao ce lue@f李忠琼编著
210    @a北京@c北京教育出版社@d2019.3
215    @a198页@c图@d23cm
225 2  @a名校名师丛书@Aming jiao ming shi cong shu
330    @a本书针对学困生产生的原困,分析整合了众多一线教师的教育经验,融汇了大量真实的案例,从五大方面阐述了转化学困生的有效策略:针对性的训练学生根基稳固、合理的方法产生事半功倍的效果、正确的心理疏导稳定学生的情绪、良好的习惯让学生改邪归正、积极的评价使学生如沐春风。
461  0 @12001 @a名校名师丛书
606 0  @a后进生@Ahou jin sheng@x教育研究
690    @aG455@v5
701  0 @a李忠琼@Ali zhong qiong@4编著
801  0 @aCN@b百万庄@c20211006
905    @b1305482-85@dG455@e499@f4
    
    教师转化学困生的有效策略/李忠琼编著.-北京:北京教育出版社,2019.3
    198页:图;23cm.-(名校名师丛书)
    
    
    ISBN 978-7-5704-0405-6:CNY39.00
    本书针对学困生产生的原困,分析整合了众多一线教师的教育经验,融汇了大量真实的案例,从五大方面阐述了转化学困生的有效策略:针对性的训练学生根基稳固、合理的方法产生事半功倍的效果、正确的心理疏导稳定学生的情绪、良好的习惯让学生改邪归正、积极的评价使学生如沐春风。
●
相关链接 在E读中查询图书 在五车中查询图书 在当当中查询图书 在豆瓣中查询图书


正题名:教师转化学困生的有效策略     索取号:G455/499         预约/预借

序号 登录号 条形码 馆藏地/架位号 状态 备注
1 1305482   213054825   第一样本阅览室/ [索取号:G455/499] 在馆    
2 1305483   213054834   第四借阅区/ [索取号:G455/499] 在馆    
3 1305484   213054843   第四借阅区/ [索取号:G455/499] 在馆    
4 1305485   213054852   第四借阅区/ [索取号:G455/499] 在馆    
唐山师范学院图书馆 欢迎您!
大连网信软件有限公司© 版权所有